Movie Quote Poem - Statistics

General Stats
  • This quiz has been taken 8,955 times
  • The average score is 7 of 16
Answer Stats
Lines Film % Correct
But you ain't got no legs, Lieutenant Dan. Forrest Gump
81%
Open the pod bay doors, Hal. 2001: A Space Odyssey
73%
You killed my father, prepare to die! The Princess Bride
64%
Frankly, my dear, I don't give a damn. Gone With the Wind
63%
That'll do pig. That'll do. Babe
62%
Do or do not. There is no try. The Empire Strikes Back
58%
A boy's best friend is his mother. Psycho
52%
Oh man, I shot Marvin in the face. Pulp Fiction
43%
Be excellent to each other. Bill & Ted's Excellent Adventure
42%
I'm not bad, I'm just drawn that way. Who Framed Roger Rabbit
37%
You don't understand! I coulda had class. On the Waterfront
31%
Looks like I picked the wrong week to quit sniffing glue. Airplane
27%
Welcome to the party, pal. Die Hard
26%
We came, we saw, we kicked its ass! Ghostbusters
23%
Now you're in the sunken place. Get Out
18%
Go ahead, make my day. Sudden Impact
13%
No matching quizzes found
Score Distribution
Percent of People with Each Score
Percentile by Number Answered
Your Score History
You have not taken this quiz